|
|
|
|
| LEADER |
00000nab a2200000 a 4500 |
| 001 |
vtls000268651 |
| 003 |
SK-MaSNL |
| 005 |
20260304054530.0 |
| 008 |
250422c1986 xo 0 slo |
| 015 |
|
|
|a SNBRB19rr/mm-uuuuu
|
| 035 |
|
|
|a CL0278765
|
| 035 |
|
|
|a urn:nbn:sk:snk-abbgk2
|
| 035 |
|
|
|a (urnnbn)urn:nbn:sk:snk:ar-000rka
|
| 035 |
|
|
|a (uuid)9c4e18e8-e052-41cb-9a6a-02c2d9bed094
|
| 040 |
|
|
|a SNKBUCL
|b slo
|c SNKBUCL
|e AACR2
|
| 041 |
0 |
|
|a slo
|
| 044 |
|
|
|a xo
|c SK
|
| 080 |
|
|
|a 576.88:595.132:633.1
|2 1981
|
| 080 |
|
|
|a 595.132
|2 1981
|
| 080 |
|
|
|a 633.1
|2 1981
|
| 100 |
1 |
|
|a Sabová, Marta,
|d 1940-
|4 aut
|9 37791
|
| 245 |
1 |
0 |
|a Nové druhy nematód rastlín pre faunu ČSSR z obilninárskych oblastí
|c Marta Sabová, Božena Valocká, Marta Lišková
|
| 300 |
|
|
|b Res. slov., rus.
|
| 650 |
0 |
7 |
|a nematódy rastlín
|2 snkbucl
|9 1339650
|
| 655 |
|
7 |
|a články z novín a časopisov
|2 snkbucl
|9 267496
|
| 700 |
1 |
|
|a Valocká, Božena,
|d 1943-
|4 aut
|9 37769
|
| 700 |
1 |
|
|a Lišková, Marta,
|d 1943-
|4 aut
|9 198922
|
| 773 |
0 |
|
|t Biológia
|g Roč. 41, č. 10 (1986), s. 1039-1040
|
| 850 |
|
|
|a Slovenská národná knižnica
|
| 852 |
|
|
|a Slovenská národná knižnica
|
| 954 |
|
|
|a odborná, vedecká literatúra pôvodná (slovenská)
|2 lita
|
| 958 |
|
|
|a article15
|
| 958 |
|
|
|a RK
|
| 958 |
|
|
|a MI
|
| 958 |
|
|
|a OND
|
| 958 |
|
|
|a EUIPO
|
| 992 |
|
|
|a RBX
|
| 999 |
|
|
|c 2719421
|d 2721351
|